A kisebbségi közoktatás-politika helyzete
Elmentve itt :
| Szerző: | |
|---|---|
| Dokumentumtípus: | Cikk |
| Megjelent: |
2002
|
| Sorozat: | Iskolakultúra
12 No. 8 |
| Online Access: | http://misc.bibl.u-szeged.hu/39979 |
| LEADER | 00568nab a2200169 i 4500 | ||
|---|---|---|---|
| 001 | misc39979 | ||
| 005 | 20191106140842.0 | ||
| 008 | 180709s2002 hu o 0|| zxx d | ||
| 022 | |a 1215-5233 | ||
| 040 | |a SZTE Miscellanea Repozitórium |b hun | ||
| 041 | |a zxx | ||
| 100 | 1 | |a Reisz Terézia | |
| 245 | 1 | 2 | |a A kisebbségi közoktatás-politika helyzete |h [elektronikus dokumentum] / |c Reisz Terézia |
| 260 | |c 2002 | ||
| 300 | |a 57-72 | ||
| 490 | 0 | |a Iskolakultúra |v 12 No. 8 | |
| 856 | 4 | 0 | |u http://misc.bibl.u-szeged.hu/39979/1/EPA00011_iskolakultura_2002_08_057-072.pdf |z Dokumentum-elérés |